000 00656 a2200241 4500
001 111009
020 _a9780064436175
041 _apor
090 _aP Year 5 [Fic]
100 _aThomas, Joyce Carol.
250 _a. ed.
300 _a[31] p.
697 _aFrontier and pioneer life - Fiction.
697 _aHistorical fiction.
697 _aPicture books for children.
697 _aOklahoma - History - Fiction.
697 _aAfrican Americans - Fiction.
856 _u00001c/00001c38.jpg
040 _aBR-BrIDEA
_cBR-BrIDEA
245 1 0 _aI have heard of a land
_c Joyce Carol Thomas
260 _a[S.l.]
_bJ. Cotler
_c1998
942 _cBK
999 _c111009
_d111009